Countries, US states, and Capitals, by first 2 letters, without a grid - Statistics

General Stats
  • This quiz has been taken 162 times
  • The average score is 429 of 495
Answers on the Map
Answers color-coded by a green-red scale on the quiz's map according to % correct below.
 
Answer Stats
Answer % Correct
Mogadishu
99%
Moldova
99%
Monaco
99%
Mongolia
99%
Monrovia
99%
Montana
99%
Montenegro
99%
Montevideo
99%
Montgomery
99%
Montpelier
99%
Morocco
99%
Moroni
99%
Moscow
99%
Mozambique
99%
Alabama
98%
Alaska
98%
Albania
98%
Albany
98%
Algeria
98%
Algiers
98%
Beijing
98%
Beirut
98%
Belarus
98%
Belgium
98%
Belgrade
98%
Belize
98%
Belmopan
98%
Benin
98%
Berlin
98%
Bern
98%
Cairo
98%
California
98%
Cambodia
98%
Cameroon
98%
Canada
98%
Canberra
98%
Cape Town
98%
Cape Verde
98%
Caracas
98%
Carson City
98%
Castries
98%
Madagascar
98%
Madison
98%
Madrid
98%
Maine
98%
Majuro
98%
Malabo
98%
Malawi
98%
Malaysia
98%
Maldives
98%
Male
98%
Mali
98%
Malta
98%
Managua
98%
Manama
98%
Manila
98%
Maputo
98%
Marshall Islands
98%
Maryland
98%
Maseru
98%
Massachusetts
98%
Mauritania
98%
Mauritius
98%
Brasilia
97%
Bratislava
97%
Brazil
97%
Brazzaville
97%
Bridgetown
97%
Brunei
97%
Brussels
97%
Chad
97%
Charleston
97%
Cheyenne
97%
Chile
97%
China
97%
Chisinau
97%
Kabul
97%
Kampala
97%
Kansas
97%
Kathmandu
97%
Kazakhstan
97%
Melekeok
97%
Mexico
97%
Mexico City
97%
Nebraska
97%
Nepal
97%
Netherlands
97%
Nevada
97%
New Delhi
97%
New Hampshire
97%
New Jersey
97%
New Mexico
97%
New York
97%
New Zealand
97%
North Carolina
97%
North Dakota
97%
North Korea
97%
North Macedonia
97%
Norway
97%
Nouakchott
97%
Pakistan
97%
Palau
97%
Palikir
97%
Panama
97%
Panama City
97%
Papua New Guinea
97%
Paraguay
97%
Paramaribo
97%
Paris
97%
Sofia
97%
Solomon Islands
97%
Somalia
97%
South Africa
97%
South Carolina
97%
South Dakota
97%
South Korea
97%
South Sudan
97%
Bogota
96%
Boise
96%
Bolivia
96%
Bosnia and Herzegovina
96%
Boston
96%
Botswana
96%
Colombia
96%
Colorado
96%
Columbia
96%
Columbus
96%
Comoros
96%
Conakry
96%
Concord
96%
Connecticut
96%
Copenhagen
96%
Costa Rica
96%
Côte d'Ivoire
96%
Georgetown
96%
Georgia
96%
Germany
96%
Liberia
96%
Libreville
96%
Libya
96%
Liechtenstein
96%
Lilongwe
96%
Lima
96%
Lincoln
96%
Lisbon
96%
Lithuania
96%
Little Rock
96%
Russia
96%
Sacramento
96%
Saint George's
96%
Saint John's
96%
Saint Kitts and Nevis
96%
Saint Lucia
96%
Saint Paul
96%
Saint Vincent and the Grenadines
96%
Salem
96%
Salt Lake City
96%
Samoa
96%
Sana'a
96%
San Jose
96%
San Marino
96%
San Salvador
96%
Santa Fe
96%
Santiago
96%
Santo Domingo
96%
Sao Tome
96%
São Tomé and Príncipe
96%
Sarajevo
96%
Saudi Arabia
96%
Augusta
95%
Austin
95%
Australia
95%
Austria
95%
United Arab Emirates
95%
United Kingdom
95%
United States
95%
Argentina
94%
Arizona
94%
Arkansas
94%
Armenia
94%
Delaware
94%
Denmark
94%
Denver
94%
Des Moines
94%
D. R. Congo
94%
Guatemala
94%
Guatemala City
94%
Guinea
94%
Guinea-Bissau
94%
Guyana
94%
Lansing
94%
Laos
94%
La Paz
94%
Latvia
94%
Pennsylvania
94%
Peru
94%
Podgorica
94%
Poland
94%
Port-au-Prince
94%
Port Louis
94%
Port Moresby
94%
Port-of-Spain
94%
Porto-Novo
94%
Portugal
94%
Port-Vila
94%
Tunis
94%
Tunisia
94%
Turkey
94%
Turkmenistan
94%
Tuvalu
94%
Victoria
94%
Vienna
94%
Vientiane
94%
Vietnam
94%
Vilnius
94%
Virginia
94%
India
93%
Indiana
93%
Indianapolis
93%
Indonesia
93%
Iran
93%
Iraq
93%
Ireland
93%
Lome
93%
London
93%
Louisiana
93%
Sucre
93%
Sudan
93%
Suriname
93%
Suva
93%
Taipei
93%
Taiwan
93%
Tajikistan
93%
Tallahassee
93%
Tallinn
93%
Tanzania
93%
Tarawa
93%
Tashkent
93%
Baghdad
92%
Bahamas
92%
Bahrain
92%
Baku
92%
Bamako
92%
Bandar Seri Begawan
92%
Bangkok
92%
Bangladesh
92%
Bangui
92%
Banjul
92%
Barbados
92%
Basseterre
92%
Baton Rouge
92%
Ecuador
92%
Fiji
92%
Finland
92%
France
92%
Frankfort
92%
Freetown
92%
Jackson
92%
Jakarta
92%
Jamaica
92%
Japan
92%
Michigan
92%
Minnesota
92%
Minsk
92%
Mississippi
92%
Missouri
92%
Niamey
92%
Nicaragua
92%
Nicosia
92%
Niger
92%
Nigeria
92%
Romania
92%
Rome
92%
Roseau
92%
Andorra
91%
Andorra la Vella
91%
Angola
91%
Ankara
91%
Annapolis
91%
Antananarivo
91%
Antigua and Barbuda
91%
Bucharest
91%
Budapest
91%
Buenos Aires
91%
Bulgaria
91%
Burkina Faso
91%
Burundi
91%
Nairobi
91%
Namibia
91%
Nashville
91%
Nassau
91%
Nauru
91%
Naypyidaw
91%
Senegal
91%
Seoul
91%
Serbia
91%
Seychelles
91%
Spain
91%
Springfield
91%
Venezuela
91%
Vermont
91%
Warsaw
91%
Washington
91%
Iceland
90%
Kyiv
90%
Swaziland
90%
Sweden
90%
Switzerland
90%
Tegucigalpa
90%
Tehran
90%
Tennessee
90%
Texas
90%
Egypt
89%
Zagreb
89%
Zambia
89%
Cuba
88%
Greece
88%
Grenada
88%
Honduras
88%
Honiara
88%
Honolulu
88%
Italy
88%
Kentucky
88%
Kenya
88%
Philippines
88%
Phnom Penh
88%
Phoenix
88%
Ethiopia
87%
Haiti
87%
Hanoi
87%
Harare
87%
Harrisburg
87%
Hartford
87%
Havana
87%
Hawaii
87%
Uruguay
87%
Yemen
86%
Yerevan
86%
Oman
85%
Ukraine
85%
Togo
84%
Tokyo
84%
Tonga
84%
Topeka
84%
Jordan
83%
Thailand
83%
Thimphu
83%
Afghanistan
82%
Windhoek
82%
Wisconsin
82%
Dodoma
81%
Doha
81%
Dominica
81%
Dominican Republic
81%
Dover
81%
Florida
81%
Rep. of the Congo
81%
Reykjavik
81%
Zimbabwe
81%
Dublin
80%
Dushanbe
80%
Eritrea
80%
Estonia
80%
Kigali
80%
Kingston
80%
Kingstown
80%
Kinshasa
80%
Kiribati
80%
Wellington
80%
West Virginia
80%
Prague
79%
Praia
79%
Pretoria
79%
Pristina
79%
Providence
79%
Slovakia
79%
Slovenia
79%
Syria
79%
Uzbekistan
79%
Vaduz
79%
Valletta
79%
Vanuatu
79%
Vatican City
79%
Azerbaijan
78%
Central African Republic
78%
Czech Republic
78%
Kyrgyzstan
78%
Luanda
78%
Lusaka
78%
Luxembourg
78%
Myanmar
78%
Sierra Leone
78%
Singapore
78%
Helena
77%
Helsinki
77%
Islamabad
77%
Israel
77%
Richmond
76%
Riga
76%
Riyadh
76%
Stockholm
76%
Gabon
75%
Gaborone
75%
Gambia
75%
Amman
74%
Amsterdam
74%
Oregon
74%
Oslo
74%
Ghana
73%
Illinois
73%
Ohio
73%
Idaho
72%
Sri J. Kotte
72%
Sri Lanka
72%
Utah
72%
Wyoming
72%
Astana
71%
Bishkek
71%
Bismarck
71%
Bissau
71%
Athens
70%
Atlanta
70%
Hungary
70%
Oklahoma
70%
Oklahoma City
70%
Rabat
70%
Raleigh
70%
Trenton
70%
Trinidad and Tobago
70%
Tripoli
70%
Lebanon
69%
Lesotho
69%
Croatia
68%
Iowa
67%
Kuala Lumpur
67%
Kuwait
67%
Kuwait City
67%
Ashgabat
66%
Asmara
66%
Asuncion
66%
Jefferson City
66%
Jerusalem
66%
Uganda
66%
Ottawa
65%
Djibouti
64%
Dakar
62%
Damascus
62%
Equatorial Guinea
62%
Kosovo
62%
Quito
62%
Bhutan
59%
Tirana
59%
Ulaanbaatar
59%
Pyongyang
57%
Abu Dhabi
55%
Abuja
55%
Cyprus
54%
Juba
53%
Juneau
53%
Addis Ababa
52%
Khartoum
52%
Dili
51%
Muscat
51%
Dhaka
50%
Ljubljana
50%
Olympia
50%
Qatar
49%
El Salvador
48%
Federated States of Micronesia
48%
Rhode Island
46%
Skopje
46%
Yamoussoukro
46%
Yaounde
46%
Yaren
46%
Accra
44%
Apia
44%
Bloemfontein
44%
Pierre
44%
Ouagadougou
43%
East Timor
42%
Rwanda
42%
Nuku'alofa
41%
Tbilisi
41%
N'Djamena
39%
Gitega
35%
Funafuti
32%
Mbabane
31%
No matching quizzes found
Score Distribution
Percent of People with Each Score
Percentile by Number Answered
Your Score History
You have not taken this quiz